000 01096nam a22003497a 4500
001 BR7400424
003 BR-BrBNA
005 20230928084514.0
007 ta
008 230509b bl.||||| |||| 00| 0 por d
040 _aBR-BrBNA
_bpor
_cBiblioteca Nacional de Agricultura
041 _a(Por)
072 _aE70; Q10; F00
_b1122
090 _ 1122 BR7400424
110 1 _aGrupo Executivo de Irrigacao para o Desenvolvimento Agricola, Rio de Janeiro, GB (Brasil);
_95484
110 1 _aFundacao Centro Tropical de Pesquisas e Tecnologia de Alimentos, Campinas, SP (Brasil)
_94820
245 1 _aContribuicao ao desenvolvimento da agroindustria. V. 6 Mamao
260 3 _aRio de Janeiro, GB (Brasil):
_c[nd].
300 _a95 p.
500 _a11 tables; Published 1972?
650 _aMAMAO
650 _aMATERIA PRIMA
650 _aTRANSPORTE
650 _aMERCADO INTERNACIONAL
650 _aMERCADO NACIONAL
650 _aPRECO
650 _aPLANTIO
650 _aINDUSTRIA ALIMENTICIA
650 _aCUSTO DE PRODUCAO
909 _a202309
_bLucia
_c55
_dLucia Elande
942 _cBK
999 _c19414
_d19414